|
|
|
|
| LEADER |
00000cam a2200000 4500 |
| 001 |
vtls012270756 |
| 003 |
SK-MaSNL |
| 005 |
20260426011907.0 |
| 008 |
250206s2024 xo ho frhn 001 0bslo |
| 015 |
|
|
|a SNBA2024/08
|
| 020 |
|
|
|a 9788097474966
|q (brožované)
|
| 040 |
|
|
|a SNK
|b slo
|c SNK
|e rda
|
| 041 |
0 |
|
|a slo
|a lat
|b ger
|b slo
|
| 043 |
|
|
|a e-xr--
|a -e-xo---
|a e-hu---
|
| 044 |
|
|
|a xo
|c SK
|
| 072 |
|
7 |
|a 165
|x Teória poznania. Epistemológia
|2 konspekt
|
| 072 |
|
7 |
|a 929
|x Biografie
|2 konspekt
|
| 080 |
|
|
|a 165.742-051
|2 2011
|
| 080 |
|
|
|a 82-051
|2 2011
|
| 080 |
|
|
|a (437.6)
|2 2011
|
| 080 |
|
|
|a (439.2)
|2 2011
|
| 080 |
|
|
|a (048.8)
|2 2011
|
| 080 |
|
|
|a 929(092)
|2 2011
|
| 080 |
|
|
|a (437.3)
|2 2011
|
| 100 |
1 |
|
|a Balegová, Jana,
|d 1967-
|4 aut
|9 187620
|
| 245 |
1 |
0 |
|a Juraj Wernher
|b saecli laus ampla sui
|c Jana Balegová
|
| 246 |
1 |
|
|i Podnázov z tiráže:
|a Vedecká monografia
|
| 246 |
3 |
0 |
|a Saecli laus ampla sui
|
| 250 |
|
|
|a Vydanie prvé
|
| 264 |
|
1 |
|a Košice
|b Equilinia
|c 2024
|
| 300 |
|
|
|a 246 strán
|b faksimile, farebné fotografie
|c 21 cm
|
| 336 |
|
|
|a text
|b txt
|2 rdacontent
|
| 337 |
|
|
|a bez média
|b n
|2 rdamedia
|
| 338 |
|
|
|a zväzok
|b nc
|2 rdacarrier
|
| 366 |
|
|
|e 100 kusov
|
| 500 |
|
|
|a Obsahuje poznámky pod čiarou
|
| 500 |
|
|
|a Obsahuje skratky, vysvetlivky
|
| 504 |
|
|
|a Obsahuje bibliografiu na strane 223-238, bibliografické odkazy a register
|
| 546 |
|
|
|a Čiastočne súbežný text v latinčine ; nemecké a slovenské resumé
|
| 600 |
1 |
7 |
|a Wernher, Juraj,
|d okolo 1497-1567
|2 SNKMA
|9 122344
|
| 650 |
0 |
7 |
|a humanisti
|2 SNKPH
|9 93138
|
| 650 |
0 |
7 |
|a spisovatelia
|2 SNKPH
|9 4982
|
| 650 |
0 |
7 |
|a humanistická literatúra
|2 SNKPH
|9 300467
|
| 650 |
0 |
7 |
|a Humanists
|2 SNKPHeng
|9 282521
|
| 650 |
0 |
7 |
|a Authors
|2 SNKPHeng
|9 310419
|
| 651 |
|
7 |
|a Slovensko
|2 SNKPHgeo
|9 14231
|
| 651 |
|
7 |
|a Uhorsko
|2 SNKPHgeo
|9 28673
|
| 651 |
|
7 |
|a Slovakia
|2 SNKPHeng
|9 92630
|
| 651 |
|
7 |
|a Hungary
|2 SNKPHeng
|9 265263
|
| 651 |
|
7 |
|a Česko
|2 SNKPHgeo
|9 16753
|
| 651 |
|
7 |
|a Czechia
|2 SNKPHeng
|9 170107
|
| 655 |
|
7 |
|a monografie
|2 SNKPH
|9 70139
|
| 655 |
|
7 |
|a biografie
|2 SNKPH
|9 27965
|
| 655 |
|
7 |
|a Monographs
|2 SNKPHeng
|9 120675
|
| 655 |
|
7 |
|a Biography
|2 SNKPHeng
|9 266314
|
| 700 |
1 |
|
|a Eliášová Buzássyová, Ľudmila,
|d 1968-
|4 rev
|9 11380
|
| 700 |
1 |
|
|a Juríková, Erika,
|d 1974-
|4 rev
|9 16833
|
| 852 |
|
|
|a Slovenská národná knižnica
|
| 919 |
|
|
|a 978-80-974749-6-6
|
| 954 |
|
|
|a odborná, vedecká literatúra pôvodná (slovenská)
|2 lita
|
| 958 |
|
|
|a BX
|
| 958 |
|
|
|a NB
|
| 999 |
|
|
|c 1083213
|d 1085143
|
| 952 |
|
|
|a SNK
|b SNK
|c SNK_KF
|y PREZ
|7 6
|p 17A1566226
|o snkSC 209930
|i snk2025/5727
|8 0
|0 0
|1 0
|4 0
|d 2025-04-02
|l 0
|r 2025-11-03 00:00:00
|w 2026-02-24
|